Gaming Quiz

Random Gaming or Definition Quiz

Monopoly Properties in Other Words Quiz Stats

 Plays Quiz Updated May 30, 2019

Score 0/20 Timer 04:00
11 Plays Today
% Correct
Bond
82.2%
Indiana
80.7%
Fleet
80.3%
Bow
79.5%
Strand
79.3%
Mediterranean
78.9%
Pacific
78.5%
States
76.7%
Vine
75.8%
Virginia
75.5%
% Correct
Boardwalk
74.7%
Tennessee
72.2%
Oxford
70%
Pall Mall
69.4%
Atlantic
69.3%
Electric Company
67.8%
Leicester
66.7%
Pennsylvania
66.4%
Coventry
56.6%
Whitechapel
56.6%

You're not logged in!

Compare scores with friends on all Sporcle quizzes.
OR
Log In

Sporcle TV

Today on Sporcle TV


Watch our educational content, quiz creation guides, and fun videos on Sporcle TV.

Show Comments

Extras

Top Quizzes Today


Score Distribution

Your Account Isn't Verified!

In order to create a playlist on Sporcle, you need to verify the email address you used during registration. Go to your Sporcle Settings to finish the process.

Report this User

Report this user for behavior that violates our Community Guidelines.

Details: